Evénements du 16 juillet - Statistiques

Statistiques générales
  • Ce quiz a été pris 23 fois
  • Le résultat moyen est 12 sur 15
Statistiques - réponses
Hint Réponse % Correct
Louis XIV s'installe dans la chambre royale à Versailles 1701
100%
Ursula van der Leyen devient présidente de la Commission européenne 2019
95%
1er jour de l'Hégire dans le calendrier musulman 622
95%
Assassinat de la famille impériale russe 1918
90%
Rafle du Vel d'hiv à Paris 1942
90%
Décollage d'Apollo XI 1969
90%
Couronnement de Richard II d'Angleterre 1377
85%
Retour de Jacques Cartier du Canada 1536
85%
Naissance du chanteur Guy Béart 1930
85%
Grand Schisme oriental 1054
80%
Louis XIV crée la future école de danse de l'opéra de Paris 1713
80%
Inauguration du tunnel sous le Mont-Blanc 1965
75%
Saddam Hussein prend la tête de l'Irak 1979
70%
Adoption de la dernière loi constitutionnelle de la IIIe république en France 1875
65%
Léopold III de Belgique abdique 1951
55%
Aucun quiz correspondant
Distribution des résultats
% des personnes avec chaque résultat
Percentile par nombre de réponses
Votre historique - résultats
Vous n’avez pas pris ce quiz